| 000 | 00808nam a2200253 i 4500 | ||
|---|---|---|---|
| 001 | 10134 | ||
| 003 | ES-MaACL | ||
| 005 | 20240409174122.0 | ||
| 007 | t| | ||
| 008 | 950310s1994 sp ||||1| spa d | ||
| 020 | _a84-376-1264-0 | ||
| 080 | _a86(Villamediana,C.de 2.01) | ||
| 080 | _a86-1"16/17" | ||
| 100 | 1 |
_aVillamediana, Juan de Tassis y Peralta, Conde de. _9114996 |
|
| 245 | 1 | 0 |
_aPoesía inédita completa / _cConde de Villamediana ; edición de José Francisco Ruiz Casanova. |
| 260 |
_aMadrid : _bCátedra, _cD.L. 1994. |
||
| 300 |
_a468 p. ; _c18 cm. |
||
| 490 | 1 |
_aLetras hispánicas ; _v381 |
|
| 700 | 1 |
_aRuiz Casanova, José Francisco. _9100694 |
|
| 830 | 0 | 0 |
_aLetras hispánicas ; _v381 _9235703 |
| 852 |
_aES-MaACL _jL-17717 _bR.123161 |
||
| 942 | _2udc | ||
| 999 |
_c10134 _d10134 |
||